National Planning Application Database (Record no. 120475)
[ view plain ]
| 000 -LEADER | |
|---|---|
| fixed length control field | 01344cam a2200169 4500 |
| 001 - CONTROL NUMBER | |
| control field | ##L132876 |
| 008 - FIXED-LENGTH DATA ELEMENTS--GENERAL INFORMATION | |
| fixed length control field | 060316n 000 0 eng u |
| 035 ## - SYSTEM CONTROL NUMBER | |
| System control number | (Sirsi) u132876 |
| 110 2# - MAIN ENTRY--CORPORATE NAME | |
| Corporate name or jurisdiction name as entry element | United Kingdom |
| Subordinate unit | Planning Portal |
| 9 (RLIN) | 4908 |
| 245 00 - TITLE STATEMENT | |
| Title | National Planning Application Database |
| 520 ## - SUMMARY, ETC. | |
| Summary, etc. | The Planning Portal has launched an online planning application database which will initially allow searches on 80% of planning applications and 40% of decisions made in every area of England and Wales. The service developed and delivered by Emap Glenigan will with its national remit complement the register services offered by local planning authorities. The register is free of charge and can be used to search for planning applications in a specific area, to read details about individual applications including descriptions and to print or download a list of applications for an area. The service will run as a pilot over the next 18 months during which time the Planning Portal and Emap Glenigan will seek feedback from users and stakeholders. |
| 590 ## - LOCAL NOTE (RLIN) | |
| Local note | IKA280306 |
| 690 ## - LOCAL SUBJECT ADDED ENTRY--TOPICAL TERM (OCLC, RLIN) | |
| Topical term or geographic name as entry element | ENVIRONMENTAL AND LAND CONSULTANCY-PLANNING AND DEVELOPMENT-DEVELOPMENT CONTROL-PLANNING APPLICATIONS |
| 710 2# - ADDED ENTRY--CORPORATE NAME | |
| Corporate name or jurisdiction name as entry element | Emap Glenigan |
| 9 (RLIN) | 4719 |
| 856 40 - ELECTRONIC LOCATION AND ACCESS | |
| Uniform Resource Identifier | <a href="https://www.vlebooks.com/">https://www.vlebooks.com/</a> |
| Public note | View on VLEbooks. Logins for members only from [email protected] |
| 942 ## - ADDED ENTRY ELEMENTS (KOHA) | |
| Suppress in OPAC | 0 |
| Withdrawn status | Lost status | Source of classification or shelving scheme | Damaged status | Not for loan | Home library | Current library | Shelving location | Date acquired | Total Checkouts | Full call number | Barcode | Date last seen | Copy number | Price effective from | Koha item type |
|---|---|---|---|---|---|---|---|---|---|---|---|---|---|---|---|
| Dewey Decimal Classification | Virtual | Virtual | Online | 16/03/2006 | ONLINE PUBLICATION | 132876-2001 | 06/08/2019 | 1 | 06/08/2019 | Online material |